<?xml version="1.0" encoding="UTF-8"?>
<record
    xmlns:xsi="http://www.w3.org/2001/XMLSchema-instance"
    xsi:schemaLocation="http://www.loc.gov/MARC21/slim http://www.loc.gov/standards/marcxml/schema/MARC21slim.xsd"
    xmlns="http://www.loc.gov/MARC21/slim">

  <leader>00641nam a22002297a 4500</leader>
  <controlfield tag="003">AR-BeUNQ</controlfield>
  <controlfield tag="005">20230526150830.0</controlfield>
  <controlfield tag="008">180222b2018    xxudo| drf ||o001 0 spa| </controlfield>
  <datafield tag="020" ind1=" " ind2=" ">
    <subfield code="a">9789500010948</subfield>
  </datafield>
  <datafield tag="040" ind1=" " ind2=" ">
    <subfield code="a">AR-BeUNQ</subfield>
    <subfield code="b">spa</subfield>
    <subfield code="e">aacr</subfield>
    <subfield code="c">AR-BeUNQ</subfield>
  </datafield>
  <datafield tag="082" ind1=" " ind2=" ">
    <subfield code="a">530 / 372</subfield>
    <subfield code="2">21</subfield>
  </datafield>
  <datafield tag="100" ind1=" " ind2=" ">
    <subfield code="a">Bertozzi, Elba</subfield>
    <subfield code="e">aut</subfield>
  </datafield>
  <datafield tag="245" ind1=" " ind2="1">
    <subfield code="a">F&#xED;sica</subfield>
    <subfield code="c">Elba Bertozzi</subfield>
  </datafield>
  <datafield tag="250" ind1=" " ind2=" ">
    <subfield code="a">1a. ed.</subfield>
  </datafield>
  <datafield tag="260" ind1=" " ind2=" ">
    <subfield code="a">CABA :</subfield>
    <subfield code="b">Ministerio de Educaci&#xF3;n de la Naci&#xF3;n,</subfield>
    <subfield code="c">2015</subfield>
  </datafield>
  <datafield tag="300" ind1=" " ind2=" ">
    <subfield code="a">160 p. </subfield>
    <subfield code="b">il. ;</subfield>
    <subfield code="c">29 cm.</subfield>
  </datafield>
  <datafield tag="500" ind1=" " ind2=" ">
    <subfield code="a">Contiene Bibliograf&#xED;a</subfield>
  </datafield>
  <datafield tag="650" ind1=" " ind2=" ">
    <subfield code="2">unescot</subfield>
    <subfield code="a">F&#xED;sica</subfield>
  </datafield>
  <datafield tag="651" ind1=" " ind2=" ">
    <subfield code="2">spines</subfield>
    <subfield code="a">Argentin</subfield>
  </datafield>
  <datafield tag="929" ind1=" " ind2=" ">
    <subfield code="a">DONACION</subfield>
    <subfield code="j">56567</subfield>
    <subfield code="f">PAT00</subfield>
    <subfield code="e">2018</subfield>
  </datafield>
  <datafield tag="942" ind1=" " ind2=" ">
    <subfield code="c">LIB</subfield>
    <subfield code="n">0</subfield>
  </datafield>
  <datafield tag="999" ind1=" " ind2=" ">
    <subfield code="c">185</subfield>
    <subfield code="d">185</subfield>
  </datafield>
  <datafield tag="952" ind1=" " ind2=" ">
    <subfield code="0">0</subfield>
    <subfield code="1">0</subfield>
    <subfield code="a">BIBESET</subfield>
    <subfield code="b">BIBESET</subfield>
    <subfield code="c">circulacion</subfield>
    <subfield code="d">2018-04-24</subfield>
    <subfield code="l">0</subfield>
    <subfield code="o">530 =372 /BER</subfield>
    <subfield code="p">56794</subfield>
    <subfield code="r">2018-04-24</subfield>
    <subfield code="w">2018-04-24</subfield>
    <subfield code="y">LIB</subfield>
    <subfield code="k">GA</subfield>
  </datafield>
  <datafield tag="952" ind1=" " ind2=" ">
    <subfield code="0">0</subfield>
    <subfield code="1">0</subfield>
    <subfield code="a">BIBESET</subfield>
    <subfield code="b">BIBESET</subfield>
    <subfield code="c">circulacion</subfield>
    <subfield code="d">2018-04-24</subfield>
    <subfield code="l">0</subfield>
    <subfield code="o">530 =372 /BER</subfield>
    <subfield code="p">56795</subfield>
    <subfield code="r">2018-04-24</subfield>
    <subfield code="w">2018-04-24</subfield>
    <subfield code="y">LIB</subfield>
    <subfield code="k">GA</subfield>
  </datafield>
  <datafield tag="952" ind1=" " ind2=" ">
    <subfield code="0">0</subfield>
    <subfield code="1">0</subfield>
    <subfield code="a">BIBESET</subfield>
    <subfield code="b">BIBESET</subfield>
    <subfield code="c">circulacion</subfield>
    <subfield code="d">2018-04-24</subfield>
    <subfield code="l">0</subfield>
    <subfield code="o">530 =372 /BER</subfield>
    <subfield code="p">56796</subfield>
    <subfield code="r">2018-04-24</subfield>
    <subfield code="w">2018-04-24</subfield>
    <subfield code="y">LIB</subfield>
    <subfield code="k">GA</subfield>
  </datafield>
  <datafield tag="952" ind1=" " ind2=" ">
    <subfield code="0">0</subfield>
    <subfield code="1">0</subfield>
    <subfield code="a">BIBESET</subfield>
    <subfield code="b">BIBESET</subfield>
    <subfield code="c">circulacion</subfield>
    <subfield code="d">2018-04-24</subfield>
    <subfield code="l">0</subfield>
    <subfield code="o">530 =372 /BER</subfield>
    <subfield code="p">56797</subfield>
    <subfield code="r">2018-04-24</subfield>
    <subfield code="w">2018-04-24</subfield>
    <subfield code="y">LIB</subfield>
    <subfield code="k">GA</subfield>
  </datafield>
  <datafield tag="952" ind1=" " ind2=" ">
    <subfield code="0">0</subfield>
    <subfield code="1">0</subfield>
    <subfield code="a">BIBESET</subfield>
    <subfield code="b">BIBESET</subfield>
    <subfield code="c">circulacion</subfield>
    <subfield code="d">2018-04-24</subfield>
    <subfield code="l">0</subfield>
    <subfield code="o">530 =372 /BER</subfield>
    <subfield code="p">56798</subfield>
    <subfield code="r">2018-04-24</subfield>
    <subfield code="w">2018-04-24</subfield>
    <subfield code="y">LIB</subfield>
    <subfield code="k">GA</subfield>
  </datafield>
  <datafield tag="952" ind1=" " ind2=" ">
    <subfield code="0">0</subfield>
    <subfield code="1">0</subfield>
    <subfield code="a">BIBESET</subfield>
    <subfield code="b">BIBESET</subfield>
    <subfield code="c">circulacion</subfield>
    <subfield code="d">2018-04-24</subfield>
    <subfield code="l">0</subfield>
    <subfield code="o">530 =372 /BER</subfield>
    <subfield code="p">56799</subfield>
    <subfield code="r">2018-04-24</subfield>
    <subfield code="w">2018-04-24</subfield>
    <subfield code="y">LIB</subfield>
    <subfield code="k">GA</subfield>
  </datafield>
  <datafield tag="952" ind1=" " ind2=" ">
    <subfield code="0">0</subfield>
    <subfield code="1">0</subfield>
    <subfield code="a">BIBESET</subfield>
    <subfield code="b">BIBESET</subfield>
    <subfield code="c">circulacion</subfield>
    <subfield code="d">2018-04-24</subfield>
    <subfield code="l">0</subfield>
    <subfield code="o">530 =372 /BER</subfield>
    <subfield code="p">56800</subfield>
    <subfield code="r">2018-04-24</subfield>
    <subfield code="w">2018-04-24</subfield>
    <subfield code="y">LIB</subfield>
    <subfield code="k">GA</subfield>
  </datafield>
  <datafield tag="952" ind1=" " ind2=" ">
    <subfield code="0">0</subfield>
    <subfield code="1">0</subfield>
    <subfield code="a">BIBESET</subfield>
    <subfield code="b">BIBESET</subfield>
    <subfield code="c">circulacion</subfield>
    <subfield code="d">2018-04-24</subfield>
    <subfield code="l">0</subfield>
    <subfield code="o">530 =372 /BER</subfield>
    <subfield code="p">56801</subfield>
    <subfield code="r">2018-04-24</subfield>
    <subfield code="w">2018-04-24</subfield>
    <subfield code="y">LIB</subfield>
    <subfield code="k">GA</subfield>
  </datafield>
  <datafield tag="952" ind1=" " ind2=" ">
    <subfield code="0">0</subfield>
    <subfield code="1">0</subfield>
    <subfield code="a">BIBESET</subfield>
    <subfield code="b">BIBESET</subfield>
    <subfield code="c">circulacion</subfield>
    <subfield code="d">2018-04-24</subfield>
    <subfield code="l">0</subfield>
    <subfield code="o">530 =372 /BER</subfield>
    <subfield code="p">56802</subfield>
    <subfield code="r">2018-04-24</subfield>
    <subfield code="w">2018-04-24</subfield>
    <subfield code="y">LIB</subfield>
    <subfield code="k">GA</subfield>
  </datafield>
  <datafield tag="952" ind1=" " ind2=" ">
    <subfield code="0">0</subfield>
    <subfield code="1">0</subfield>
    <subfield code="a">BIBESET</subfield>
    <subfield code="b">BIBESET</subfield>
    <subfield code="c">circulacion</subfield>
    <subfield code="d">2018-04-24</subfield>
    <subfield code="l">0</subfield>
    <subfield code="o">530 =372 /BER</subfield>
    <subfield code="p">56803</subfield>
    <subfield code="r">2018-04-24</subfield>
    <subfield code="w">2018-04-24</subfield>
    <subfield code="y">LIB</subfield>
    <subfield code="k">GA</subfield>
  </datafield>
  <datafield tag="952" ind1=" " ind2=" ">
    <subfield code="0">0</subfield>
    <subfield code="1">0</subfield>
    <subfield code="a">BIBESET</subfield>
    <subfield code="b">BIBESET</subfield>
    <subfield code="c">circulacion</subfield>
    <subfield code="d">2018-04-24</subfield>
    <subfield code="l">0</subfield>
    <subfield code="o">530 =372 /BER</subfield>
    <subfield code="p">56804</subfield>
    <subfield code="r">2018-04-24</subfield>
    <subfield code="w">2018-04-24</subfield>
    <subfield code="y">LIB</subfield>
    <subfield code="k">GA</subfield>
  </datafield>
  <datafield tag="952" ind1=" " ind2=" ">
    <subfield code="0">0</subfield>
    <subfield code="1">0</subfield>
    <subfield code="a">BIBESET</subfield>
    <subfield code="b">BIBESET</subfield>
    <subfield code="c">circulacion</subfield>
    <subfield code="d">2018-04-24</subfield>
    <subfield code="l">0</subfield>
    <subfield code="o">530 =372 /BER</subfield>
    <subfield code="p">56805</subfield>
    <subfield code="r">2018-04-24</subfield>
    <subfield code="w">2018-04-24</subfield>
    <subfield code="y">LIB</subfield>
    <subfield code="k">GA</subfield>
  </datafield>
  <datafield tag="952" ind1=" " ind2=" ">
    <subfield code="0">0</subfield>
    <subfield code="1">0</subfield>
    <subfield code="a">BIBESET</subfield>
    <subfield code="b">BIBESET</subfield>
    <subfield code="c">circulacion</subfield>
    <subfield code="d">2018-04-24</subfield>
    <subfield code="l">0</subfield>
    <subfield code="o">530 =372 /BER</subfield>
    <subfield code="p">56806</subfield>
    <subfield code="r">2018-04-24</subfield>
    <subfield code="w">2018-04-24</subfield>
    <subfield code="y">LIB</subfield>
    <subfield code="k">GA</subfield>
  </datafield>
  <datafield tag="952" ind1=" " ind2=" ">
    <subfield code="0">0</subfield>
    <subfield code="1">0</subfield>
    <subfield code="a">BIBESET</subfield>
    <subfield code="b">BIBESET</subfield>
    <subfield code="c">circulacion</subfield>
    <subfield code="d">2018-04-24</subfield>
    <subfield code="l">0</subfield>
    <subfield code="o">530 =372 /BER</subfield>
    <subfield code="p">56807</subfield>
    <subfield code="r">2018-04-24</subfield>
    <subfield code="w">2018-04-24</subfield>
    <subfield code="y">LIB</subfield>
    <subfield code="k">GA</subfield>
  </datafield>
  <datafield tag="952" ind1=" " ind2=" ">
    <subfield code="0">0</subfield>
    <subfield code="1">0</subfield>
    <subfield code="a">BIBESET</subfield>
    <subfield code="b">BIBESET</subfield>
    <subfield code="c">circulacion</subfield>
    <subfield code="d">2018-04-24</subfield>
    <subfield code="l">0</subfield>
    <subfield code="o">530 =372 /BER</subfield>
    <subfield code="p">56808</subfield>
    <subfield code="r">2018-04-24</subfield>
    <subfield code="w">2018-04-24</subfield>
    <subfield code="y">LIB</subfield>
    <subfield code="k">GA</subfield>
  </datafield>
</record>
